Quizzes
Events
Quiz Creation
Community
Videos
Private Events
Remove Ads
Sign In
Join for FREE
Feedback
Dark Mode
Quiz Categories
Sports
Geography
Music
Movies
Television
Just For Fun
Miscellaneous
History
Literature
Language
Science
Gaming
Entertainment
Religion
Holiday
For Kids
Quiz Lab
Recent
Popular Today
Quiz Kudos Today
Editor Picks
Curator Picks
Quizzes by...
Day
Popularity
Type
Ratings
Length
Year
Community
Subscriptions
Recent Discussions
Orange Saloon
Badges
Playlists
Quests
Create
Leaderboards
Showdown
Live 5
Trivia Bingo
Activity
Puzzle Library
Sporcle Events
Private Events
Virtual Trivia
Globe League
Become a Host
Pub Owners
SporcleCon
Opinionation
Our Games
Videos
Blog
Mobile Apps
Partnerships
Remove Ads and Go Orange
Feedback
Sports
Athletes
MLB
NBA
NHL
NFL
Soccer
Sports Teams
WWE
NCAA
Football
Premier League
Basketball
Baseball
Hockey
Golf
Tennis
Cricket
Rugby
Auto Racing
Olympics
World Cup
Sports
Athletes
MLB
NBA
NHL
NFL
Soccer
Sports Teams
WWE
NCAA
Football
Premier League
Basketball
Baseball
Hockey
Golf
Tennis
Cricket
Rugby
Auto Racing
Olympics
World Cup
Random Quiz
Search Sporcle
×
Quiz Lab
Quiz Lab
Sports
MLB
Type in answers that appear in a list
Type in answers that appear in a list
Classic
Best Score? Go Orange.
Top 50 MLB 2011 Off-season signings Stats
Can you name the Top 50 MLB signings during the 2011 off-season?
By
knames4
12m
50 Questions
120 Plays
120 Plays
120 Plays
Comments
Comments
Give Quiz Kudos
Give Quiz Kudos
-
- Ratings
hide this ad
Replay
Link that replays current quiz
Next Quiz
Link to next quiz in quiz playlist
You Got
0%
They Got
Avg Score
50%
Avg Friend Score
Upgrade to see
Score Distribution
Jump to the score distribution portion of the page
Score
0/50
Timer
12:00
0
Plays Today
Old Team
Player
% Correct
Chicago Cubs/
Atlanta Braves (1B)
Derrek Lee
90%
Tampa Bay Rays (LF)
Carl Crawford
88.3%
Washington Nationals (1B/
OF)
Adam Dunn
87.5%
Seattle Mariners/
Texas Rangers (SP)
Cliff Lee
85.8%
Boston Red Sox (3B)
Adrian Beltre
82.5%
Philadelphia Phillies (RF)
Jayson Werth
81.7%
New York Yankees (SS)
Derek Jeter
80.8%
Boston Red Sox (C/
1B)
Victor Martinez
79.2%
Tampa Bay Rays (RP)
Rafael Soriano
77.5%
New York Yankees (RP)
Mariano Rivera
75%
New York Yankees (SP)
Andy Pettitte
75%
Tampa Bay Rays (1B)
Carlos Pena
67.5%
Chicago White Sox (1B)
Paul Konerko
65.8%
Texas Rangers (DH)
Vladimir Guerrero
63.3%
Detroit Tigers (LF/
DH)
Johnny Damon
61.7%
Los Angeles Dodgers/
Chicago White Sox (LF)
Manny Ramirez
60%
Minnesota Twins (SP)
Carl Pavano
58.3%
Houston Astros/
New York Yankees (1B/
DH)
Lance Berkman
58.3%
San Francisco Giants (1B)
Aubrey Huff
55.8%
Minnesota Twins (2B)
Orlando Hudson
53.3%
Minnesota Twins (DH)
Jim Thome
53.3%
New York Yankees (SP)
Javier Vazquez
50.8%
Cleveland Indians/
St. Louis Cardinals (SP)
Jake Westbrook
50%
San Diego Padres (SP)
Chris Young
49.2%
Los Angeles Angels (DH)
Hideki Matsui
49.2%
Old Team
Player
% Correct
Toronto Blue Jays (C)
John Buck
48.3%
Arizona Diamondbacks (1B)
Adam LaRoche
47.5%
Cleveland Indians/
New York Yankees (RP)
Kerry Wood
45.8%
Colorado Rockies (SP)
Jorge DeLaRosa
45%
Cleveland Indians/
Detroit Tigers (SS/
3B)
Jhonny Peralta
44.2%
Detroit Tigers (OF/
DH)
Magglio Ordonez
43.3%
San Francisco Giants (IF)
Juan Uribe
41.7%
Los Angeles Dodgers (SP)
Hiroki Kuroda
40.8%
San Diego Padres (SP)
Jon Garland
40.8%
Los Angeles Angels/
Minnesota Twins (RP)
Brian Fuentes
38.3%
Tampa Bay Rays (RP)
Grant Balfour
35%
St. Louis Cardinals (SP)
Brad Penny
34.2%
Boston Red Sox (UT)
Bill Hall
32.5%
Japan -
Chiba Lotte Marines (SS/
2B)
Tsuyoshi Nishioka
31.7%
Tampa Bay Rays (RP)
Joaquin Benoit
30%
New York Mets (RP)
Pedro Feliciano
30%
Toronto Blue Jays (RP)
Scott Downs
28.3%
Minnesota Twins (RP)
Jon Rauch
28.3%
Chicago White Sox (RP)
J.J. Putz
25.8%
Minnesota Twins (RP)
Jesse Crain
21.7%
New York Mets (SP/
RP)
Hisanori Takahashi
20.8%
Minnesota Twins (RP)
Matt Guerrier
20%
Texas Rangers (RP)
Frank Francisco
20%
Baltimore Orioles (RP)
Koji Uehara
19.2%
Toronto Blue Jays (RP)
Jason Frasor
15%
Quiz Playlist
Details
Report
Send in Message
Add To Playlist
Classic:
Type in answers that appear in a list
Quiz Source
Last Updated: Feb 16, 2017
Quiz Scoreboard
CHALLENGE
Sign Up to Join the Scoreboard
Show All
Scores
Hide
Comments
May contain spoilers
Recently Published
Popular People in 1961
by mucciniale
History
6m
1-10 Letter E Words III
by El_Dandy
Language
2m
One Thing in Common: World Cities II
by knightlancer
Geography
7m
More to Explore
Quiz From the Vault
Featured Blog Post
Where Did the Easter Bunny Come From?
hide this ad
You Might Also Like...
Tags
Baseball Quiz
MLB Quiz
2011
old
Player
Signing
team
Top 50
Today's Top Quizzes in Sports
Browse Sports
hide this ad
Today's Top Quizzes in MLB
Browse MLB
Top Contributed Quizzes in Sports
1
2022 World Cup Stars
2
Les entraîneurs de l'OM et du PSG au 21e siècle
3
FIFA Club World Cup Champions
4
Criteria MLB: Left Handed Sluggers
5
Les meilleurs buteurs des matchs entre le PSG et l’OM
6
Name the Premier League winners with different clubs
7
Players with Multiple 50 Home Run Seasons
8
MLB Players with Two .350 Batting Average Seasons
9
La finale Lions - Afrique du Sud 2021
10
MLB Hall of Famer by Rings
Explore More
Trending Topics
Crossword
Marvel
Disney
NBA
Harry Potter
Kpop
Anime
Country
Pokémon
The Office
NFL
Soccer
Song
Puzzle
WWE
hide this ad
More By:
knames4
Quiz
Plays
Rating
Category
Featured
Created
MLB 2021 NL Starting Rotations (End of Season)
2,162
5.00
Sports
Apr 7, 2021
HBO Game of Thrones Dead Characters
2,086
3.83
Television
Apr 27, 2015
MLB 2017 Top 10 Highest-Paid Players per Team
1,934
4.17
Sports
Mar 7, 2017
MLB AL Lineups 2018 (end of season)
1,589
5.00
Sports
Mar 28, 2018
MLB NL Lineups 2018 (end of season)
1,514
5.00
Sports
Mar 28, 2018
Go to Creator's Profile
Score Distribution
Quiz Creator Spotlight
knames4
Follow
Send a Message
Quizzes Created
-
Created Quiz Play Count
-
More By This Creator
Popular Quizzes Today
1
Find the US States - No Outlines Minefield
2
The Countries of the World
3
Popular People in 1961
4
Find the Countries of Europe - No Outlines Minefield
5
1-10 Letter E Words III
6
Find the US States
7
One Thing in Common: World Cities II
8
US States
More Sports Quizzes
NBA: Hall of Fame Shoo-Ins
Quiz Lab
Trending Quizzes
1-10 Letter F Words
One Thing in Common: Music
1-10 Letter G Words
Risky Map Clicking: Next State Alphabetically
1-10 Letter F Words II
Recently Updated
Leaping Animals
pecheneg
Reality TV Shows (A-Z)
bhenderson79
Rickey Henderson's Hall of Fame Teammates
pecheneg
Champions League XIs: Arsenal
pecheneg
Quick Pick: Celebrities in WWE's Hall of Fame
aduchscher
A-Z Keypad Blitz II
pecheneg
Multiple Oscar Actors
pecheneg
Mystery Phrase Blitz: Oscar 'Best Actors'
pecheneg
F. Scott Fitzgerald Novels
LTH
Pick 3 Villains
ddd62291
Trending Topics
Marvel
Crossword
Anime
Disney
Kpop
Harry Potter
NBA
Puzzle
Country
NFL
WWE
The Office
Soccer
Pokémon
Song
Your Account Isn't Verified!
In order to create a playlist on Sporcle, you need to verify the email address you used during registration. Go to your
Sporcle Settings
to finish the process.
Report this User
Report this user for behavior that violates our
Community Guidelines
.
Details:
Send Report
Go to the Sporcle.com Mobile Site →
Comments